| Tag |
First Indicator |
Second Indicator |
Subfields |
| LEADER |
00000cam a2200000 4500 |
| 001 |
in00000048726 |
| 005 |
20151007073623.0 |
| 008 |
800610r1880 mauf b 00010 eng |
| 010 |
|
|
|a 06038193
|
| 035 |
|
|
|a (OCoLC)06404160
|
| 035 |
|
|
|9 AAF0047AM
|
| 040 |
|
|
|a DLC
|c TXA
|d UtOrBLW
|
| 049 |
|
|
|a TXAM
|c [194715]
|
| 050 |
|
0 |
|a QL447.P2
|b X7
|
| 092 |
|
|
|a 595
|b P119a
|
| 100 |
1 |
|
|a Packard, A. S.
|q (Alpheus Spring),
|d 1839-1905.
|
| 245 |
1 |
4 |
|a The anatomy, histology, and embryology of Limulus polyphemus /
|c By A. S. Packard ...
|
| 264 |
|
1 |
|a Boston :
|b The Society,
|c 1880.
|
| 300 |
|
|
|a 45 pages :
|b VII plate (1 color) ;
|c 30 x 23 cm.
|
| 336 |
|
|
|a text
|b txt
|2 rdacontent
|
| 337 |
|
|
|a unmediated
|b n
|2 rdamedia
|
| 338 |
|
|
|a volume
|b nc
|2 rdacarrier
|
| 500 |
|
|
|a From the Anniversary memoirs of the Boston society of natural history, 1880.
|
| 504 |
|
|
|a Bibliography: pages 40-41.
|
| 650 |
|
0 |
|a Limulus.
|
| 999 |
|
|
|a MARS
|
| 999 |
f |
f |
|s 8b025186-1390-34fc-91bd-0deca2a84d88
|i d3064802-bb14-3ab8-9024-8abfdca8620a
|t 0
|
| 952 |
f |
f |
|p ric
|a Texas A&M University
|b Rellis Campus
|c Joint Library Facility
|d Remote Storage
|t 0
|e QL447.P2 X7
|h Library of Congress classification
|i unmediated -- volume
|m A14801011132
|
| 998 |
f |
f |
|a QL447.P2 X7
|t 0
|l Remote Storage
|